000 00702nam a2200241Ia 4500
003 OSt
005 20260319142036.0
008 220923b |||||||| |||| 00| 0 eng d
020 _a981412656X
037 _cTextbook
040 _aRTL
_cRTL
_beng
041 _2eng
_aeng
084 _aXM5:6 P5/TD3
_qRTL
100 _aDamodaran, Aswath
245 0 _aCorporate finance: Theory and practice
250 _a2
260 _aNew York
_bJohn Wiley USA
_c2001
300 _axxvi, 982 p.
_bincludes bibliographical references and index
490 _aWiley Series in Finance
500 _aBibliography chapterwise
942 _hXM5:6 P5/TD3
_cTB
_2CC
999 _c627365
_d627365